000 00515nam a2200181 i 4500
001 142417
003 ES-MaACL
005 20250901102124.0
007 t|
008 071005s1911 sp ||||1| spa d
100 1 _aVila Serra, José.
_9114739
245 1 0 _aManual de la contribución industrial y de comercio /
_cpor José Vila Serra.
260 _aValencia :
_bVila Seca,
_c1911.
300 _a399 p. ;
_c16 cm.
650 1 7 _aComercio
_2embne
_911157
852 _aES-MaACL
_jD-365
999 _c142417
_d142417